| 000 | 00383pam a2200145 a 4500 | ||
|---|---|---|---|
| 020 |
_a978-0-07-063583-6 _c |
||
| 041 | _h | ||
| 082 |
_a658.4032 _bANT/GOV |
||
| 245 |
_aManagement Control Systems _hTextual Documents |
||
| 250 | _a12 th ed. | ||
| 260 |
_aNew York _bMcGraw-Hill Higher Education |
||
| 300 | _a769. | ||
| 700 |
_aAnthony,Robert. _aGovindarajan,Vijay. |
||
| 930 | _a24379 | ||
| 999 |
_c143131 _d143131 |
||